00787nam a22002417a 450000500170000001000130001702000110003003500130004103700160005404000120007008200130008210000280009524500650012326000350018827000250022330000200024850000400026865000450030865000270035394200220038099900190040295201240042120170124110027.0 aA-710055 c100.00 aA-710055 bCen Lib/Ret aDPLbEN a420bEKB aEkbote, Gopalrao920939 aA nation without a national language /cby Gopalrao Ekbote aHyderabadbHindi Prachar Sabha aHyderabadbHyderabad a258p.c21cm(Hb) aIncludes bibliographical reference  aHindi language--Political aspects920940 aLanguage policy920941 2ddccENh420mEKB c127590d127590 00104070aLbLd2015-06-30eCen Lib/Retg100.00l0o420 EKBpA-710055r2015-06-30 00:00:00t1v100.00w2015-06-30yEN